Kinderarbeit Quiz (UNICEF) - Statistiken

Allgemein
  • Dieses Quiz wurde 202 mal gespielt
  • Das Durchschnittsergebnis liegt bei 3 aus 8
Antwortstatistiken
Frage Antwort % Korrekt
Kinderarbeiter bekommen in der Landwirtschaft: weniger als Erwachsene
86%
Kinder, die auf der Straße arbeiten ... verdienen Geld für ihre Familien
71%
Wie lang ist der durchschnittliche Arbeitstag eines Kinderarbeiters in einer Fabrik? 12 Stunden
43%
Wie viel Prozent der in der Landwirtschaft beschäftigten Personen weltweit sind Kinder? 30%
43%
Wie viel Prozent der Kinderarbeiter weltweit arbeiten auf der Straße? 40%
43%
Die Arbeitszeit vieler im Haushalt angestellter Kinderarbeiter beträgt bis zu: 18 Stunden pro Tag
29%
Wie viel Prozent der weltweit im Haushalt beschäftigten Kinderarbeiter sind Mädchen? 90%
29%
Richtig oder falsch: Die meisten Kinder, die in Fabriken arbeiten, produzieren Waren, die exportiert und in anderen Ländern verkauft werden. Falsch
0%
Keine übereinstimmenden Quizze gefunden
Verteilung der Resultate
Anzahl Personen mit jedem Resultat
Perzentil nach korrekt beantworteten Fragen
Ihre Resultats-Entwicklung
Sie haben dieses Quiz noch nicht gespielt